[Event "SVK-chT2B 1920"]
[Site "Slovakia"]
[Date "2020.03.08"]
[Round "11.4"]
[White "Korbela, Lubomir"]
[Black "Podoba, Milan"]
[Result "0-1"]
[WhiteElo "2040"]
[BlackElo "1960"]
[PlyCount "62"]
[EventDate "2019.10.26"]
[EventType "team-tourn"]
[EventRounds "11"]
[EventCountry "SVK"]
[SourceTitle "CBM 195 Extra"]
[Source "ChessBase"]
[SourceDate "2020.05.31"]
[SourceVersion "1"]
[SourceVersionDate "2020.05.31"]
[SourceQuality "1"]
[WhiteTeam "Levice"]
[BlackTeam "Povazske Podhradie"]
[WhiteTeamCountry "SVK"]
[BlackTeamCountry "SVK"]

1. e4 e6 2. d4 d5 3. Nc3 Nf6 4. Bg5 Bb4 5. e5 h6 6. Bd2 Bxc3 7. bxc3 Ne4 8. Nf3 Nxd2 9. Qxd2 c5 10. Bd3 Nc6 11. 0-0 Qa5 12. Rad1 Bd7 13. Rb1 cxd4 14. Rxb7 dxc3 15. Qf4 Rb8 16. Rxd7 Kxd7 17. Qxf7+ Ne7 18. Nd4 Rb6 19. Bb5+ Rxb5 20. Qxe6+ Kd8 21. Qd6+ Ke8 22. e6 Rb7 23. Qf4 Rf8 24. Qg3 g6 25. h4 Qc7 26. Qe3 Nf5 27. Nxf5 Rxf5 28. Re1 Qf4 29. Qc5 Rc7 30. Qb5+ Ke7 31. Qe2 Qd2 0-1

[Event "Banska Stiavnica V4 op"]
[Site "Banska Stiavnica"]
[Date "2016.07.08"]
[Round "7"]
[White "Schmid, Thomas2222"]
[Black "Korbela, Lubomir"]
[Result "1-0"]
[WhiteElo "2110"]
[BlackElo "2049"]
[PlyCount "125"]
[EventDate "2016.07.02"]
[EventType "swiss"]
[EventRounds "9"]
[EventCountry "SVK"]
[SourceTitle "CBM 173 Extra"]
[Source "ChessBase"]
[SourceDate "2016.08.29"]
[SourceVersion "1"]
[SourceVersionDate "2016.08.29"]
[SourceQuality "1"]

1. e4 e5 2. Nf3 Nc6 3. Bb5 a6 4. Ba4 Nf6 5. 0-0 Be7 6. Re1 b5 7. Bb3 0-0 8. h3 d6 9. c3 Nb8 10. d4 Nbd7 11. Nbd2 Bb7 12. Bc2 Re8 13. Nf1 Bf8 14. Ng3 g6 15. a4 Bg7 16. Bd3 c6 17. Bg5 Nb6 18. axb5 axb5 19. Rxa8 Bxa8 20. Qc1 Qe7 21. Nh2 Qf8 22. b3 Bb7 23. Be3 Nbd7 24. f4 Bh6 25. Ng4 Nxg4 26. hxg4 exf4 27. Bxf4 Bxf4 28. Qxf4 Qe7 29. Nf1 b4 30. cxb4 Qf6 31. Qxf6 Nxf6 32. g5 Nd7 33. Ra1 Ra8 34. Rxa8+ Bxa8 35. Ne3 f6 36. gxf6 Nxf6 37. Kf2 Kf7 38. Kf3 Ke7 39. Kf4 h6 40. e5 Nh5+ 41. Kg4 dxe5 42. dxe5 Ke6 43. Bxg6 Ng7 44. Nc4 Bb7 45. Be4 Kd7 46. Na5 Bc8 47. Nxc6 Kc7+ 48. Kf4 Ne6+ 49. Ke3 Bb7 50. Nd4 Bc8 51. Nxe6+ Bxe6 52. Kd4 Bxb3 53. Bd5 Bd1 54. Kc5 Bh5 55. b5 Be8 56. b6+ Kb8 57. Kd6 h5 58. Bc6 Bg6 59. g3 h4 60. gxh4 Bh5 61. e6 Bg4 62. e7 Bc8 63. Bd7 1-0

[Event "Banska Stiavnica V4 op"]
[Site "Banska Stiavnica"]
[Date "2016.07.07"]
[Round "6"]
[White "Korbela, Lubomir"]
[Black "Sahidi, Samir"]
[Result "0-1"]
[WhiteElo "2049"]
[BlackElo "2216"]
[PlyCount "126"]
[EventDate "2016.07.02"]
[EventType "swiss"]
[EventRounds "9"]
[EventCountry "SVK"]
[SourceTitle "CBM 173 Extra"]
[Source "ChessBase"]
[SourceDate "2016.08.29"]
[SourceVersion "1"]
[SourceVersionDate "2016.08.29"]
[SourceQuality "1"]

1. d4 Nf6 2. c4 g6 3. g3 Bg7 4. Bg2 0-0 5. Nf3 c5 6. 0-0 cxd4 7. Nxd4 Nc6 8. Nc3 Nxd4 9. Qxd4 d6 10. Bg5 h6 11. Bd2 a6 12. Qd3 Qc7 13. Rac1 Be6 14. Nd5 Bxd5 15. cxd5 Qd7 16. h3 Rfc8 17. Be3 Qa4 18. Qb1 Qb5 19. Qd3 Qxb2 20. Rb1 Qxa2 21. Rxb7 Bf8 22. Bd4 Qc4 23. Qxc4 Rxc4 24. Bxf6 exf6 25. Ra1 a5 26. e3 f5 27. Bf1 Rc5 28. Rb5 a4 29. Rb4 a3 30. Rb3 a2 31. Rb2 Rca5 32. Bc4 Bg7 33. Raxa2 Bxb2 34. Rxb2 Rc5 35. Be2 Ra1+ 36. Kg2 Rxd5 37. Bf3 Rda5 38. Rb8+ Kg7 39. Rd8 Ra6 40. Rd7 R1a5 41. g4 Kf6 42. Kg3 Rb6 43. Rd8 fxg4 44. hxg4 Ra7 45. Rh8 Kg7 46. Rd8 Re7 47. Bd5 Re5 48. e4 Re7 49. f4 Rc7 50. g5 Ra6 51. gxh6+ Kxh6 52. Kg4 Kg7 53. f5 gxf5+ 54. Kxf5 Rc1 55. Rd7 Rf1+ 56. Kg5 Rf6 57. Rd8 Rg6+ 58. Kf4 Ra3 59. Rb8 Rf6+ 60. Kg4 Ra1 61. Kg3 Rg1+ 62. Kh2 Rg5 63. Rb3 Rh6+ 0-1

[Event "Banska Stiavnica V4 op"]
[Site "Banska Stiavnica"]
[Date "2016.07.04"]
[Round "3"]
[White "Tomcikova, Dominika"]
[Black "Korbela, Lubomir"]
[Result "1/2-1/2"]
[WhiteElo "1877"]
[BlackElo "2049"]
[PlyCount "48"]
[EventDate "2016.07.02"]
[EventType "swiss"]
[EventRounds "9"]
[EventCountry "SVK"]
[SourceTitle "CBM 173 Extra"]
[Source "ChessBase"]
[SourceDate "2016.08.29"]
[SourceVersion "1"]
[SourceVersionDate "2016.08.29"]
[SourceQuality "1"]

1. e4 e5 2. Nf3 Nc6 3. Bc4 Be7 4. d4 d6 5. dxe5 Nxe5 6. Nxe5 dxe5 7. Qxd8+ Bxd8 8. Nc3 Nf6 9. Be3 c6 10. f3 Bb6 11. Bxb6 axb6 12. 0-0 b5 13. Bb3 Ke7 14. a3 Be6 15. Bxe6 Kxe6 16. Rad1 Rhd8 17. Kf2 Nd7 18. Rd2 Nb6 19. Rxd8 Rxd8 20. Rd1 Rxd1 21. Nxd1 Nc4 22. Ke2 g6 23. Kd3 f5 24. a4 Nd6 1/2-1/2

[Event "SVK-chT2C 1213"]
[Site "Slovakia"]
[Date "2013.02.17"]
[Round "9.5"]
[White "Korbela, Lubomir"]
[Black "Kollar, Vladimir"]
[Result "1/2-1/2"]
[WhiteElo "2096"]
[BlackElo "1996"]
[PlyCount "66"]
[EventDate "2012.10.13"]
[EventType "team-tourn"]
[EventRounds "11"]
[EventCountry "SVK"]
[SourceTitle "EXT 2015"]
[Source "ChessBase"]
[SourceDate "2014.11.20"]
[SourceVersion "1"]
[SourceVersionDate "2014.11.20"]
[SourceQuality "1"]
[WhiteTeam "Detva Podpolanie"]
[BlackTeam "Dunajov II"]
[WhiteTeamCountry "SVK"]
[BlackTeamCountry "SVK"]

1. e4 d5 2. exd5 Qxd5 3. Nc3 Qd6 4. d4 Nf6 5. Nge2 a6 6. Be3 Nc6 7. a3 Bf5 8. Ng3 Bg6 9. Bd3 e6 10. 0-0 Rd8 11. Nce4 Nxe4 12. Nxe4 Qd7 13. c3 Be7 14. Ng5 Bxd3 15. Qxd3 h6 16. Nf3 Qd5 17. Rad1 0-0 18. Rfe1 Bf6 19. Bf4 Rd7 20. h3 Rfd8 21. Qe2 Qb3 22. Rd2 b5 23. Qe4 Qd5 24. Rde2 Ne7 25. Be5 Qxe4 26. Rxe4 Bxe5 27. Nxe5 Rd5 28. Nd3 a5 29. Nc5 Nc6 30. Nd3 R8d7 31. Ne5 Nxe5 32. Rxe5 Rxe5 33. Rxe5 Rd5 1/2-1/2

[Event "SVK-chT2C 10/11"]
[Site "Slovakia"]
[Date "2011.03.06"]
[Round "9.1"]
[White "Korbela, Lubomir"]
[Black "Auxt, Jan"]
[Result "1-0"]
[WhiteElo "2123"]
[BlackElo "1646"]
[PlyCount "47"]
[EventDate "2010.10.23"]
[EventType "team-tourn"]
[EventRounds "11"]
[EventCountry "SVK"]
[SourceTitle "EXT 2019"]
[Source "ChessBase"]
[SourceDate "2018.10.10"]
[SourceVersion "1"]
[SourceVersionDate "2018.10.10"]
[SourceQuality "1"]
[WhiteTeam "Sklene Patriots CC"]
[BlackTeam "Banska Bystrica Kurta"]
[WhiteTeamCountry "SVK"]
[BlackTeamCountry "SVK"]

1. e4 c5 2. Nf3 d6 3. d4 cxd4 4. Nxd4 Nf6 5. Nc3 a6 6. Be2 e6 7. 0-0 Nbd7 8. Be3 Qc7 9. f4 b5 10. Bf3 Bb7 11. a3 Nc5 12. e5 dxe5 13. Bxb7 Nxb7 14. fxe5 Nd7 15. Bf4 Bc5 16. Kh1 0-0 17. Nf3 Nb6 18. Qe1 Rfd8 19. Qg3 Nc4 20. Ne4 Kh8 21. b4 Be3 22. Nfg5 Bxf4 23. Qxf4 Nxe5 24. Qxe5 1-0

[Event "SVK-chT2C 10/11"]
[Site "Slovakia"]
[Date "2011.01.08"]
[Round "5.6"]
[White "Pechac, Jergus"]
[Black "Korbela, Lubomir"]
[Result "0-1"]
[WhiteElo "1885"]
[BlackElo "2123"]
[PlyCount "144"]
[EventDate "2010.10.23"]
[EventType "team-tourn"]
[EventRounds "11"]
[EventCountry "SVK"]
[SourceTitle "EXT 2019"]
[Source "ChessBase"]
[SourceDate "2018.10.10"]
[SourceVersion "1"]
[SourceVersionDate "2018.10.10"]
[SourceQuality "1"]
[WhiteTeam "Zilina Mladost II"]
[BlackTeam "Sklene Patriots CC"]
[WhiteTeamCountry "SVK"]
[BlackTeamCountry "SVK"]

1. e4 e5 2. Nf3 Nc6 3. Bb5 a6 4. Ba4 Nf6 5. 0-0 Be7 6. Re1 b5 7. Bb3 0-0 8. c3 d5 9. exd5 Nxd5 10. d4 exd4 11. Nxd4 Nxd4 12. Qxd4 Be6 13. Nd2 c5 14. Qe4 Nf6 15. Qe2 c4 16. Bc2 Re8 17. Ne4 Bf5 18. Nxf6+ Bxf6 19. Be3 Bxc2 20. Qxc2 Qc7 21. Red1 Rad8 22. Rxd8 Rxd8 23. Rd1 h6 24. Rxd8+ Qxd8 25. Qd2 Qxd2 26. Bxd2 Kf8 27. f4 Ke7 28. Kf2 Ke6 29. Kf3 Kd5 30. g4 g6 31. Be1 Bg7 32. Ke3 f5 33. h3 Bf6 34. Bf2 Bg7 35. Kf3 b4 36. Be1 b3 37. a3 Bf8 38. Bd2 Bxa3 39. Bc1 Bc5 40. h4 h5 41. g5 a5 42. Bd2 Ba7 43. Ke2 Ke4 44. Bc1 Bb8 45. Be3 Bxf4 46. Bb6 a4 47. Bc5 Bg3 48. Bf8 Bxh4 49. Be7 f4 50. Bd6 f3+ 51. Kd2 Bxg5+ 52. Ke1 Be3 53. Bf8 Kd3 54. Be7 Kc2 55. Ba3 h4 56. Kf1 h3 57. Bd6 a3 58. Bf4 Bxf4 59. Kf2 axb2 60. Kxf3 Kxc3 61. Kxf4 h2 62. Ke4 h1R 63. Kf4 b1R 64. Ke5 Rhf1 65. Kd5 Rbe1 66. Kc5 Rf5+ 67. Kd6 Kb4 68. Kd7 Kc5 69. Kc7 Re7+ 70. Kd8 Ra7 71. Ke8 Kd6 72. Kd8 Rf8# 0-1

[Event "SVK-ch17 corr"]
[Site "Slovakia"]
[Date "2003.??.??"]
[Round "?"]
[White "Korbela, Lubomir"]
[Black "Gajarsky, Julius"]
[Result "0-1"]
[WhiteElo "2361"]
[BlackElo "2285"]
[PlyCount "66"]
[EventDate "2003.02.10"]
[EventType "tourn (corr)"]
[EventRounds "14"]
[EventCountry "SVK"]
[EventCategory "5"]
[SourceTitle "Corr 2008"]
[Source "ChessBase"]
[SourceDate "2008.06.24"]
[SourceVersion "1"]
[SourceVersionDate "2008.06.24"]
[SourceQuality "1"]

1. e4 c5 2. Nf3 Nc6 3. d4 cxd4 4. Nxd4 Nf6 5. Nc3 e5 6. Ndb5 d6 7. Bg5 a6 8. Na3 b5 9. Bxf6 gxf6 10. Nd5 f5 11. Bd3 Be6 12. Qh5 Rg8 13. g3 Rg5 14. Qd1 Bxd5 15. exd5 Ne7 16. c3 Qb6 17. h4 Rg8 18. Qd2 Rc8 19. Be2 Qb7 20. c4 bxc4 21. Rd1 Rc5 22. Bxc4 Rg4 23. b3 Rd4 24. Qc1 Re4+ 25. Kf1 Nxd5 26. Kg1 f4 27. Kh2 fxg3+ 28. fxg3 Rcxc4 29. Nxc4 Re2+ 30. Kg1 Nf4 31. Ne3 Rg2+ 32. Kf1 Qf3+ 33. Ke1 Re2# 0-1

[Event "SVK-chT3C 0203"]
[Site "Slovakia"]
[Date "2003.??.??"]
[Round "?"]
[White "Korbela, Lubomir"]
[Black "Kostelny, Jozef"]
[Result "1-0"]
[WhiteElo "2132"]
[BlackElo "2212"]
[PlyCount "123"]
[EventDate "2002.10.??"]
[EventType "team"]
[EventRounds "11"]
[EventCountry "SVK"]
[SourceTitle "EXT 2005"]
[Source "ChessBase"]
[SourceDate "2004.11.15"]
[SourceVersion "1"]
[SourceVersionDate "2004.11.15"]
[SourceQuality "1"]

1. e4 c5 2. Nf3 d6 3. d4 cxd4 4. Nxd4 Nf6 5. Nc3 Nc6 6. Bc4 Qb6 7. Nxc6 bxc6 8. 0-0 e6 9. Qe2 Be7 10. e5 dxe5 11. Qxe5 0-0 12. b3 Nd5 13. Bb2 Bf6 14. Qg3 Qa5 15. Na4 Bxb2 16. Nxb2 Bb7 17. Bd3 Nb4 18. Nc4 Qc5 19. Nd6 Ba6 20. Bxa6 Nxa6 21. c4 f5 22. Rad1 Qa5 23. Nb7 Qc7 24. Qxc7 Nxc7 25. Rd7 Na6 26. Rfd1 e5 27. Kf1 e4 28. R1d6 f4 29. Re7 Rae8 30. Rxe8 Rxe8 31. Rxc6 Nb4 32. Nd6 Rf8 33. Rc8 Rxc8 34. Nxc8 Nxa2 35. Nxa7 Nc1 36. b4 Nd3 37. b5 f3 38. gxf3 exf3 39. b6 Nc5 40. Nb5 Kf7 41. Nd6+ Ke6 42. b7 Nd7 43. Ne4 Kf5 44. Nd2 Kf4 45. Ke1 g5 46. Nf1 h5 47. Kd2 h4 48. Kc3 Kg4 49. Kd4 Kh3 50. c5 Nb8 51. Kd5 Kg2 52. Nd2 Kxf2 53. c6 Na6 54. Kd6 g4 55. c7 g3 56. c8Q g2 57. Nxf3 Kxf3 58. Qh3+ Kf2 59. Qxh4+ Kf1 60. Qf4+ Ke2 61. Qg3 Kf1 62. Qf3+ 1-0

[Event "SVK-ch17 corr"]
[Site "Slovakia"]
[Date "2003.??.??"]
[Round "?"]
[White "Korbela, Lubomir"]
[Black "Skarba, Stanislav"]
[Result "1/2-1/2"]
[WhiteElo "2361"]
[BlackElo "2372"]
[PlyCount "22"]
[EventDate "2003.02.10"]
[EventType "tourn (corr)"]
[EventRounds "14"]
[EventCountry "SVK"]
[EventCategory "5"]
[SourceTitle "Corr 2004"]
[Source "ChessBase"]
[SourceDate "2003.04.28"]
[SourceVersion "3"]
[SourceVersionDate "2003.04.28"]
[SourceQuality "1"]

1. d3 d5 2. g3 e5 3. Bg2 Nf6 4. Nf3 Bd6 5. c4 dxc4 6. Qa4+ Nc6 7. dxc4 0-0 8. Nc3 Bd7 9. 0-0 Nd4 10. Qd1 Ne6 11. Ng5 Rb8 1/2-1/2

[Event "SVK-ch17 corr"]
[Site "Slovakia"]
[Date "2003.??.??"]
[Round "?"]
[White "Vrbica, Ladislav"]
[Black "Korbela, Lubomir"]
[Result "1/2-1/2"]
[WhiteElo "2245"]
[BlackElo "2361"]
[PlyCount "105"]
[EventDate "2003.02.10"]
[EventType "tourn (corr)"]
[EventRounds "14"]
[EventCountry "SVK"]
[EventCategory "5"]
[SourceTitle "Corr 2008"]
[Source "ChessBase"]
[SourceDate "2008.06.24"]
[SourceVersion "1"]
[SourceVersionDate "2008.06.24"]
[SourceQuality "1"]

1. d4 Nf6 2. c4 g6 3. Nc3 d5 4. cxd5 Nxd5 5. e4 Nxc3 6. bxc3 Bg7 7. Nf3 0-0 8. Be2 b6 9. 0-0 c5 10. Bg5 Bb7 11. Qd3 Ba6 12. Qe3 Bxe2 13. Qxe2 Nc6 14. Rad1 Qc7 15. d5 Ne5 16. Bf4 Nxf3+ 17. Qxf3 Be5 18. Bxe5 Qxe5 19. Qe3 f5 20. exf5 Qxe3 21. fxe3 Rxf5 22. Rxf5 gxf5 23. Rf1 Rf8 24. c4 a6 25. a4 Rf6 26. e4 b5 27. axb5 axb5 28. cxb5 c4 29. exf5 Rb6 30. Rb1 c3 31. g4 c2 32. Rc1 Rxb5 33. Rxc2 Rxd5 34. Kg2 h5 35. h3 hxg4 36. hxg4 Rd3 37. Re2 Kf7 38. Re6 Rc3 39. Kf2 Rb3 40. Re3 Rb6 41. Kg3 Ra6 42. Kf4 Kf6 43. Re4 Rb6 44. g5+ Kf7 45. Rc4 Rb1 46. g6+ Kf6 47. Rc6+ Kg7 48. Re6 Kf8 49. Re4 Ra1 50. Kg5 Rg1+ 51. Rg4 Re1 52. Rh4 Kg7 53. Rg4 1/2-1/2

[Event "SVK-chT 5th B01 corr"]
[Site "Slovakia"]
[Date "2002.02.15"]
[Round "?"]
[White "Kolcak, Marek"]
[Black "Korbela, Lubomir"]
[Result "1-0"]
[WhiteElo "2540"]
[BlackElo "2345"]
[PlyCount "61"]
[EventDate "2002.02.15"]
[EventType "team (corr)"]
[EventRounds "14"]
[EventCountry "SVK"]
[SourceTitle "Corr 2004"]
[Source "ChessBase"]
[SourceDate "2003.04.28"]
[SourceVersion "3"]
[SourceVersionDate "2003.04.28"]
[SourceQuality "1"]

1. e4 c5 2. Nf3 Nc6 3. d4 cxd4 4. Nxd4 Nf6 5. Nc3 e5 6. Ndb5 d6 7. Bg5 a6 8. Na3 b5 9. Bxf6 gxf6 10. Nd5 f5 11. c3 Bg7 12. exf5 Bxf5 13. Nc2 0-0 14. Nce3 Be6 15. Bd3 f5 16. 0-0 Rb8 17. Qh5 Qd7 18. g4 e4 19. Bc2 Be5 20. gxf5 Bxd5 21. Nxd5 Rxf5 22. Qh4 Qf7 23. f4 Bg7 24. Rad1 Re8 25. Ne3 Qa7 26. Rfe1 Ne7 27. Rxd6 Qc5 28. Rxa6 b4 29. Re6 Rff8 30. cxb4 Qxb4 31. Rxe4 1-0

[Event "SVK-chT 5th B01 corr"]
[Site "Slovakia"]
[Date "2002.02.15"]
[Round "?"]
[White "Korbela, Lubomir"]
[Black "Sedlacek, Pavol"]
[Result "0-1"]
[WhiteElo "2345"]
[BlackElo "2438"]
[PlyCount "84"]
[EventDate "2002.02.15"]
[EventType "team (corr)"]
[EventRounds "14"]
[EventCountry "SVK"]
[SourceTitle "Corr 2004"]
[Source "ChessBase"]
[SourceDate "2003.04.28"]
[SourceVersion "3"]
[SourceVersionDate "2003.04.28"]
[SourceQuality "1"]

1. e4 e5 2. Nf3 Nc6 3. d4 exd4 4. Nxd4 Bc5 5. Nxc6 Qf6 6. Qd2 dxc6 7. Nc3 Bd4 8. Bd3 Be6 9. 0-0 0-0-0 10. Qg5 h6 11. Qxf6 Nxf6 12. Ne2 Bc5 13. b3 Bg4 14. Nf4 Bd4 15. Rb1 g5 16. h3 gxf4 17. hxg4 Be5 18. f3 h5 19. Bb2 Nd7 20. Be2 f6 21. gxh5 Rxh5 22. Bxe5 fxe5 23. Bc4 Rh6 24. a4 Nc5 25. Rbd1 Rhd6 26. Rxd6 Rxd6 27. Re1 a6 28. a5 b5 29. axb6 cxb6 30. Bf1 a5 31. g3 fxg3 32. Bh3+ Kc7 33. Re2 a4 34. bxa4 Nxa4 35. c4 Nc3 36. Rc2 Rd3 37. Kg2 Kd6 38. Bf5 Kc5 39. Kxg3 Kxc4 40. Be6+ Kd4 41. Kg4 b5 42. f4 c5 0-1

[Event "SVK-chT 5th B01 corr"]
[Site "Slovakia"]
[Date "2002.02.15"]
[Round "?"]
[White "Marek, Stanislav"]
[Black "Korbela, Lubomir"]
[Result "1-0"]
[WhiteElo "2393"]
[BlackElo "2345"]
[PlyCount "67"]
[EventDate "2002.02.15"]
[EventType "team (corr)"]
[EventRounds "14"]
[EventCountry "SVK"]
[SourceTitle "Corr 2004"]
[Source "ChessBase"]
[SourceDate "2003.04.28"]
[SourceVersion "3"]
[SourceVersionDate "2003.04.28"]
[SourceQuality "1"]

1. c4 Nf6 2. Nc3 e5 3. Nf3 Nc6 4. d3 Bb4 5. Bd2 0-0 6. g3 Re8 7. Bg2 Nd4 8. Nxd4 exd4 9. Nb5 Bxd2+ 10. Qxd2 d5 11. c5 Bg4 12. Nxd4 Qe7 13. Rc1 Qe5 14. Nf3 Qe6 15. h3 Bxf3 16. Bxf3 Rad8 17. Kf1 c6 18. Kg2 Ne4 19. Qe3 f5 20. dxe4 dxe4 21. Bh5 g6 22. Rhd1 Rd5 23. Qg5 Kh8 24. Rxd5 cxd5 25. Bxg6 hxg6 26. h4 Kg7 27. Qd2 Kf6 28. Rd1 Qe5 29. Qxd5 Qxb2 30. Qd6+ Kf7 31. h5 Qf6 32. Qc7+ Re7 33. Rd7 gxh5 34. Qxb7 1-0

[Event "SVK-chT3C 0203"]
[Site "Slovakia"]
[Date "2002.??.??"]
[Round "?"]
[White "Korbela, Lubomir"]
[Black "Demian, Milan"]
[Result "1/2-1/2"]
[WhiteElo "2132"]
[BlackElo "2098"]
[PlyCount "20"]
[EventDate "2002.10.??"]
[EventType "team"]
[EventRounds "11"]
[EventCountry "SVK"]
[SourceTitle "EXT 2005"]
[Source "ChessBase"]
[SourceDate "2004.11.15"]
[SourceVersion "1"]
[SourceVersionDate "2004.11.15"]
[SourceQuality "1"]

1. e4 g6 2. d4 Bg7 3. Nc3 c5 4. dxc5 Qa5 5. Bd3 Qxc5 6. Nge2 Nf6 7. Be3 Qa5 8. Qd2 Nc6 9. f3 d6 10. 0-0 Bd7 1/2-1/2

[Event "SVK-chT3A 0102"]
[Site "Slovakia"]
[Date "2002.??.??"]
[Round "7"]
[White "Korbela, Lubomir"]
[Black "Zuberec, Milan"]
[Result "1/2-1/2"]
[WhiteElo "2137"]
[BlackElo "2166"]
[PlyCount "87"]
[EventDate "2001.10.??"]
[EventType "team"]
[EventRounds "11"]
[EventCountry "SVK"]
[SourceTitle "EXT 2006"]
[Source "ChessBase"]
[SourceDate "2005.11.24"]
[SourceVersion "1"]
[SourceVersionDate "2005.11.24"]
[SourceQuality "1"]

1. e4 e5 2. Nf3 Nc6 3. d4 exd4 4. Nxd4 Bc5 5. Nxc6 Qf6 6. Qd2 Qxc6 7. Bd3 Nf6 8. 0-0 0-0 9. b4 Bd4 10. c3 Bb6 11. c4 Bd4 12. Nc3 a5 13. b5 Qc5 14. Bb2 d6 15. Nd5 Bxb2 16. Qxb2 Ng4 17. Qe2 Ne5 18. Kh1 Bg4 19. f3 Be6 20. Rac1 c6 21. Bb1 Bxd5 22. exd5 Rac8 23. f4 Nd7 24. Bf5 Rce8 25. Qd2 Nf6 26. Qxa5 cxb5 27. cxb5 Qxd5 28. Bh3 Ra8 29. Qb4 Rxa2 30. Rcd1 Qc5 31. Qxc5 dxc5 32. b6 g6 33. Rc1 Ne4 34. Kg1 Rd8 35. Rfd1 Rxd1+ 36. Rxd1 c4 37. Bc8 c3 38. Bxb7 Nc5 39. Bd5 Rb2 40. Rc1 c2 41. b7 Nxb7 42. Be4 Rb1 43. Rxb1 cxb1Q+ 44. Bxb1 1/2-1/2